000 00423nam a2200169Ia 4500
008 170705s9999 xx 000 0 und d
020 _a9780590414296
245 _aLost in the solar system /
245 _cJoanna Cole ; illustrated by Bruce Degen.
260 _aNew York :
260 _bScholastic,
260 _c1990
300 _a40 pages :
300 _bcolor illustration ;
300 _c21cm.
500 _a480
999 _c336840
_d336840